[Event "Bayern-ch U14"]
[Site "Mimberg"]
[Date "2002.04.03"]
[Round "4"]
[White "Herdt, Jonas"]
[Black "Fenzl, Franz"]
[Result "0-1"]
[WhiteElo "1423"]
[BlackElo "1022"]
[PlyCount "112"]
[EventDate "2002.04.??"]
[EventType "swiss"]
[EventRounds "7"]
[EventCountry "GER"]
[SourceTitle "EXT 2004"]
[Source "ChessBase"]
[SourceDate "2003.11.25"]
[SourceVersion "1"]
[SourceVersionDate "2003.11.25"]
[SourceQuality "1"]

1. e4 e5 2. Nf3 Nc6 3. Bc4 Bc5 4. d3 Nf6 5. Bg5 h6 6. Bh4 g5 7. Bg3 d6 8. c3 Bg4 9. Nbd2 h5 10. h3 Bxf3 11. Nxf3 Nh7 12. b4 Bb6 13. h4 g4 14. Nd2 Qe7 15. Qb3 Rf8 16. Rf1 f5 17. exf5 Rxf5 18. Ne4 a5 19. b5 a4 20. Qc2 Na5 21. Qxa4 Nf8 22. Bd5 Rb8 23. Ng5 Rc8 24. Qe4 Qf6 25. Bxb7 Nxb7 26. Qxb7 Rd8 27. Qe4 d5 28. Qe2 Ba5 29. Kd2 d4 30. Ne4 Qh6+ 31. Kc2 dxc3 32. Nxc3 Bxc3 33. Kxc3 Qf6 34. Kc2 Rd5 35. a4 Rc5+ 36. Kd2 Ne6 37. Qe3 Nd4 38. Ra2 Nb3+ 39. Ke2 Nd4+ 40. Ke1 Nc2+ 41. Rxc2 Rxc2 42. Kd1 Ra2 43. Qa7 Qd6 44. Qa8+ Kd7 45. Qe4 Qe6 46. Qb4 Ra1+ 47. Ke2 Qa2+ 48. Ke3 Rxf1 49. a5 Qa1 50. d4 Re1+ 51. Kd3 Rd1+ 52. Ke2 Rxd4 53. Qb3 Qxa5 54. Qc2 Qxb5+ 55. Ke1 Qb4+ 56. Kf1 Qc4+ 0-1

[Event "Bayern-ch U14"]
[Site "Mimberg"]
[Date "2002.04.02"]
[Round "2"]
[White "Herdt, Jonas"]
[Black "Eibl, Sebastian"]
[Result "1/2-1/2"]
[WhiteElo "1423"]
[BlackElo "1526"]
[PlyCount "59"]
[EventDate "2002.04.??"]
[EventType "swiss"]
[EventRounds "7"]
[EventCountry "GER"]
[SourceTitle "EXT 2004"]
[Source "ChessBase"]
[SourceDate "2003.11.25"]
[SourceVersion "1"]
[SourceVersionDate "2003.11.25"]
[SourceQuality "1"]

1. e4 g6 2. d4 Bg7 3. c3 c6 4. Bd3 d5 5. e5 Qb6 6. Nd2 c5 7. Ngf3 Bg4 8. h3 Bxf3 9. Nxf3 cxd4 10. cxd4 Nc6 11. 0-0 e6 12. b3 Nge7 13. Bb2 0-0 14. Rc1 Rfc8 15. Qe2 Nb4 16. Bb1 Bh6 17. Rxc8+ Rxc8 18. g4 a5 19. g5 Bf8 20. Rc1 Rxc1+ 21. Bxc1 Qa6 22. Qxa6 Nxa6 23. a3 Nc6 24. Bd3 Nc7 25. Bb2 b5 26. Ne1 h6 27. h4 hxg5 28. hxg5 Be7 29. f4 b4 30. a4 1/2-1/2